000 00515nmm a2200157Ia 4500
008 251105s9999||||xx |||||||||||||||||und||
041 _aspa
100 _aBenítez, Fernando
245 0 _aLázaro Cárdenas y la Revolución mexicana, II :
_b El caudillismo
264 _a[México D.C., Mexico] :
_bFondo de Cultura Económica,
_c2016
300 _a256 páginas
490 _aHistoria
650 _aHistory of the Americas: Latin America
856 _uhttps://public.digitaliapublishing.com/a/64730
942 _cCF
999 _c99499
_d99499